吉时行运 (Record no. 50313)

000 -LEADER
fixed length control field 00464nam a22001937a 4500
003 - CONTROL NUMBER IDENTIFIER
control field MPLRDC
005 - DATE AND TIME OF LATEST TRANSACTION
control field 20220104144517.0
008 - FIXED-LENGTH DATA ELEMENTS--GENERAL INFORMATION
fixed length control field 210129b ||||| |||| 00| 0 eng d
020 ## - INTERNATIONAL STANDARD BOOK NUMBER
International Standard Book Number 957-8431-45-7
082 ## - DEWEY DECIMAL CLASSIFICATION NUMBER
Classification number 293.21 DMXY
100 ## - MAIN ENTRY--PERSONAL NAME
Personal name 藤木相元
245 ## - TITLE STATEMENT
Title 吉时行运
Statement of responsibility, etc. 涂愫芸译
250 ## - EDITION STATEMENT
Edition statement 初版
260 ## - PUBLICATION, DISTRIBUTION, ETC.
Place of publication, distribution, etc.
Name of publisher, distributor, etc. 大村
Date of publication, distribution, etc. 1998
300 ## - PHYSICAL DESCRIPTION
Other physical details
490 ## - SERIES STATEMENT
Series statement 智慧生活文库. 30
650 ## - SUBJECT ADDED ENTRY--TOPICAL TERM
Topical term or geographic name entry element 相书--面相
942 ## - ADDED ENTRY ELEMENTS (KOHA)
Koha item type Book
-- 293.21 DMXY
Holdings
Withdrawn status Lost status Source of classification or shelving scheme Damaged status Not for loan Collection code Home library Current library Shelving location Date acquired Cost, normal purchase price Total Checkouts Full call number Barcode Date last seen Date last checked out Price effective from Koha item type Public note
            Malaysian Public Library, Research and Development Centre Malaysian Public Library, Research and Development Centre   10/12/2007 31.00   293.21 DMXY 00050481 18/03/2021 11/01/2014 18/03/2021 Book mplrdc

© 2022. Malaysian Public Library, Research and Development Centre. All Right ReservedE-mailmplrdc@help.edu.my 

Powered by Koha